000 00793 a2200217 4500
001 55369
005 20260407155828.0
008 260407a1994 arg spa d
003 AR-UNSa-BCEJYS
040 _aAR-UNSa-BCEJYS
_bspa
_cAR-UNSa-BCEJYS
080 _a340.12
_xTendencias en la teoría del derecho. Escuelas, doctrinas jurídicas. Filosofía del derecho. Teorías sobre el Estado y el derecho
245 1 0 _aEl concepto y la validez del derecho
020 _a84-7432-525-0
264 1 _aBarcelona :
_bGedisa
_c1994
300 _a208 p.
_c21 cm.
505 _a1. El problema del positivismo jurídico - 2. El concepto de derecho - 3. La validez del derecho - 4. Definición
041 _aspa
942 _cBK
590 _aniveau_biblio:m niveau_hierar:0
100 1 _aAlexy, Robert
999 _c5931
_d5931